| 000 | 00965nam a2200289 i 4500 | ||
|---|---|---|---|
| 003 | EG-ScBUE | ||
| 005 | 20240310103701.0 | ||
| 008 | 120813s1837 stk f 001 0ceng d | ||
| 020 | _a1142745511 | ||
| 020 | _a9781142745516 | ||
| 040 |
_aEG-ScBUE _beng _erda _cEG-ScBUE _dEG-ScBUE |
||
| 082 | 0 | 4 |
_222 _a941.082 _bTYT |
| 100 | 1 |
_930827 _aTytler, Patrick Fraser, _eauthor. |
|
| 245 | 1 | 0 |
_aLife of King Henry the eighth / _cby Patrick Fraser Tytler. |
| 264 | 1 |
_aEdinburgh : _bOliver & Boyd, _c1837. |
|
| 300 |
_a470 pages ; _c24 cm |
||
| 336 |
_2rdacontent _atext _btxt |
||
| 337 |
_aunmediated _2rdamedia _bn |
||
| 338 |
_avolume _bnc _2rdacarrier |
||
| 500 | _aIncludes index. | ||
| 600 | 0 | 7 |
_930828 _aHenry _cKing of England _d1491-1547. _2BUEsh |
| 651 | 7 |
_930465 _aGreat Britain _xKings and rulers _vBiography. _2BUEsh |
|
| 651 | 7 |
_930829 _aGreat Britain _xHistory _yHenry VIII, 1509-1547. _2BUEsh |
|
| 653 | _cAugust2012 | ||
| 655 | _vReading book | ||
| 942 |
_2ddc _cBB |
||
| 999 |
_c16940 _d16940 |
||